| 000 | 00896nam a22002537a 4500 | ||
|---|---|---|---|
| 999 |
_c64442 _d64442 |
||
| 005 | 20240530110732.0 | ||
| 008 | 180512s2006 jo a g b 000 0 ara d | ||
| 017 |
_a2005/6/1331 _bالاردن . دائرة المكتبة الوطنية |
||
| 040 |
_aEG-CaGPL _cEG-CaGPL |
||
| 082 | 0 | 4 |
_221 _a155.25\ _bر م |
| 100 | 0 | _aرائد خليل العبادى | |
| 245 | 1 | 2 |
_aمقاييس فى الاضطرابات السلوكية / _cاعداد رائد خليل العبادى |
| 250 | _aط.1 | ||
| 260 |
_aعمان : _c2006 . |
||
| 300 |
_a217 ص. ؛ _c24 سم. |
||
| 650 | 0 | 7 |
_2qrmak _aعلم النفس الفردى |
| 650 | 0 | 7 |
_2qrmak _aالشخصية |
| 650 | 0 | 7 |
_2qrmak _aالسلوك |
| 650 | 0 | 7 |
_2qrmak _aالاختبارات الشخصية |
| 650 | 0 | 7 |
_2qrmak _aالارشاد النفسى |
| 651 | _2qrmak | ||
| 942 |
_2ddc _cBK |
||